000 00447nam a2200181Ia 4500
001 10236
005 20260306161817.0
008 260306t1964||||xx |||||||||||||| ||spa||
041 _aESP
082 _a909.5
_bP26
100 _aParry, J. H.
_eAUT
245 0 _aLa época de los descubrimientos geográficos:
_b1450-1620
260 _c1964
300 _a485 páginas :
_c24 cm.
650 _aGEN
654 _aCHU
942 _cLIB
_dJUS
_fJUS
_2ddc
_n
999 _c10236
_d10236